[Event "Midland Ch Forrest Cup"]
[Site "Derby"]
[Date "1995.03.25"]
[Round "3"]
[White "Sagall, Roy"]
[Black "Nelson, Jonathan P"]
[Result "1-0"]
[WhiteElo "2104"]
[BlackElo "2240"]
[PlyCount "77"]
[EventDate "1995.03.24"]
[EventType "swiss"]
[EventRounds "6"]
[EventCountry "ENG"]
[SourceTitle "BritBase"]
[Source "John Saunders"]
[SourceDate "2022.11.28"]
[SourceVersion "1"]
[SourceVersionDate "2022.08.23"]
[SourceQuality "1"]

1. d4 Nf6 2. Nf3 g6 3. c3 Bg7 4. Bf4 O-O 5. Nbd2 d6 6. e4 Nc6 7. h3 Nh5 8. Bh2
e5 9. g4 Nf4 10. Bxf4 exf4 11. Bd3 Rb8 12. Nb3 Bd7 13. Qd2 f5 14. exf5 gxf5 15.
g5 Ne7 16. h4 Bc6 17. Be2 Be4 18. h5 Qe8 19. Rh3 b5 20. Kf1 Nd5 21. Re1 Qc6 22.
Nc1 Rfe8 23. Nd3 b4 24. Rc1 bxc3 25. bxc3 Qa4 26. Kg1 Qa3 27. Nfe1 Qa5 28. Nxf4
Nxf4 29. Qxf4 Qxa2 30. Bf1 Rb1 31. Rxb1 Qxb1 32. Re3 c5 $2 33. Bc4+ Kh8 34. h6
Bf8 35. Qxf5 $1 Bxh6 (35... Bxf5 36. Rxe8 Qxe1+ 37. Rxe1 $18) 36. f3 Bg7 37.
Bd3 Qc1 38. Rxe4 Rf8 39. Re8 1-0

[Event "Midland Ch Forrest Cup"]
[Site "Derby"]
[Date "1995.03.25"]
[Round "3"]
[White "Southall, Andrew C"]
[Black "Barnes, Michael H"]
[Result "1-0"]
[WhiteElo "2216"]
[BlackElo "2208"]
[PlyCount "118"]
[EventDate "1995.03.24"]
[EventType "swiss"]
[EventRounds "6"]
[EventCountry "ENG"]
[SourceTitle "BritBase"]
[Source "John Saunders"]
[SourceDate "2022.11.28"]
[SourceVersion "1"]
[SourceVersionDate "2022.08.23"]
[SourceQuality "1"]

1. e4 e5 2. Nf3 Nc6 3. Bb5 g6 4. O-O Bg7 5. c3 a6 6. Ba4 d6 7. d4 Bd7 8. Bg5 f6
9. Bh4 Qe7 10. Nbd2 h5 11. Bg3 Nh6 12. Nh4 Rh7 13. Nxg6 Qf7 14. Nh4 exd4 15.
Bxc6 Bxc6 16. cxd4 f5 17. d5 Bb5 18. exf5 O-O-O 19. Re1 Nxf5 20. Qc2 Rf8 21.
Ndf3 Nxh4 22. Bxh4 Qf5 23. Qb3 Bf6 24. Bxf6 Qxf6 25. Re6 Qf4 26. Qc3 h4 27. Qe3
Rg7 28. Nd4 Qxe3 29. Rxe3 Rg4 30. Ne6 Rfg8 31. g3 Rc4 32. b3 Rc2 33. a4 Bd7 34.
Rae1 Rd2 35. Nf4 c5 36. Rd3 Rxd3 37. Nxd3 Bf5 38. Re3 Kd7 39. Kg2 b5 40. axb5
axb5 41. h3 Rc8 42. g4 Bh7 43. Nf4 c4 44. bxc4 Rxc4 45. Nh5 Bg6 46. Nf6+ Kd8
47. Re6 Bf7 48. Rxd6+ Ke7 49. Rb6 Rf4 50. g5 Rf5 51. d6+ Kf8 52. Rb8+ Kg7 53.
f4 Bd5+ 54. Kg1 Bc6 55. Rb6 Rc5 56. d7 Rc1+ 57. Kf2 Rc2+ 58. Ke1 Bxd7 59. Nxd7
Rc5 1-0

[Event "Midland Ch Forrest Cup"]
[Site "Derby"]
[Date "1995.03.25"]
[Round "3"]
[White "Sudar, Dragoljub"]
[Black "Ledger, Stephen C"]
[Result "0-1"]
[WhiteElo "1696"]
[BlackElo "2144"]
[PlyCount "114"]
[EventDate "1995.03.24"]
[EventType "swiss"]
[EventRounds "6"]
[EventCountry "ENG"]
[SourceTitle "BritBase"]
[Source "John Saunders"]
[SourceDate "2022.11.28"]
[SourceVersion "1"]
[SourceVersionDate "2022.08.23"]
[SourceQuality "1"]

1. e4 c5 2. Nf3 Nc6 3. d4 cxd4 4. Nxd4 e5 5. Nb3 Nf6 6. Nc3 Bb4 7. f3 d5 8.
exd5 Nxd5 9. Bd2 Bxc3 10. bxc3 O-O 11. Be2 Qh4+ 12. g3 Qh3 13. Bf1 Qh5 14. Bg2
Bh3 15. O-O Rad8 16. Qe2 Rfe8 17. Rae1 Bxg2 18. Qxg2 Qg6 19. Re2 f6 20. Be1
Nce7 21. c4 Nb6 22. Ba5 Rc8 23. Bxb6 axb6 24. Qf2 Rc6 25. Re4 Nf5 26. c5 bxc5
27. Na5 Rc7 28. Qd2 Nd4 29. Qe3 Qf7 30. c3 Nf5 31. Qe2 Nd6 32. Ra4 b5 33. Ra3
Ra7 34. Rd1 Qc7 35. Qd3 Rxa5 36. Rxa5 Qxa5 37. Qxd6 Qxc3 38. Qd7 Qe3+ 39. Kg2
Qe2+ 40. Kh3 Rf8 41. Qd5+ Kh8 42. Qxc5 Rg8 43. Qd5 h5 44. Rb1 g5 45. g4 f5 46.
Rh1 fxg4+ 47. Kg3 Rf8 48. Rf1 Rxf3+ 49. Rxf3 Qxf3+ 50. Qxf3 gxf3 51. Kxf3 Kg7
52. Ke4 Kf6 53. Kd5 g4 54. Kc5 h4 55. Kxb5 g3 56. hxg3 hxg3 57. a4 g2 0-1

[Event "Midland Ch Forrest Cup"]
[Site "Derby"]
[Date "1995.03.25"]
[Round "3"]
[White "Toscano, John"]
[Black "Dyce, Andrew"]
[Result "0-1"]
[WhiteElo "1936"]
[BlackElo "1960"]
[PlyCount "48"]
[EventDate "1995.03.24"]
[EventType "swiss"]
[EventRounds "6"]
[EventCountry "ENG"]
[SourceTitle "BritBase"]
[Source "John Saunders"]
[SourceDate "2022.11.28"]
[SourceVersion "1"]
[SourceVersionDate "2022.08.23"]
[SourceQuality "1"]

1. e4 c5 2. Nf3 d6 3. d4 cxd4 4. Nxd4 Nf6 5. Nc3 a6 6. Bg5 e6 7. f4 b5 8. e5
dxe5 9. fxe5 Qc7 10. exf6 Qe5+ 11. Be2 Qxg5 12. Nf3 $6 Qxf6 13. O-O Bc5+ 14.
Kh1 Bb7 15. Qd3 Qf5 16. Qd2 Nd7 17. Ng5 Qg6 18. Rxf7 (18. Bd3 $16) 18... O-O-O
19. Bd3 Ne5 20. Qf4 Rxd3 21. cxd3 $2 (21. Rxb7 Kxb7 22. Qxe5 $13) 21... Nxf7
22. Nce4 Nxg5 23. Nd6+ Bxd6 24. Qxd6 Bxg2+ 0-1

[Event "Midland Ch Forrest Cup"]
[Site "Derby"]
[Date "1995.03.25"]
[Round "3"]
[White "Wagenbach, Janos J"]
[Black "Preston, William"]
[Result "1-0"]
[WhiteElo "1784"]
[BlackElo "1248"]
[PlyCount "47"]
[EventDate "1995.03.24"]
[EventType "swiss"]
[EventRounds "6"]
[EventCountry "ENG"]
[SourceTitle "BritBase"]
[Source "John Saunders"]
[SourceDate "2022.11.28"]
[SourceVersion "1"]
[SourceVersionDate "2022.08.23"]
[SourceQuality "1"]

1. e4 d5 2. exd5 Nf6 3. c4 c5 4. Nc3 e5 5. Be2 Bf5 6. h4 g6 7. g4 Bd7 8. g5 Ng8
9. Ne4 Na6 10. h5 Bf5 11. d3 Qd7 12. Nf3 Bd6 13. Qb3 Ne7 14. Nf6+ Kd8 15. Nxd7
Bxd7 16. Qc3 Nc8 17. Nxe5 Bxe5 18. Qxe5 Re8 19. Qf6+ Kc7 20. Bf4+ Nd6 21. Bxd6+
Kb6 22. a4 Nb4 23. Bxc5+ Kxc5 24. d4# 1-0

[Event "Midland Ch Forrest Cup"]
[Site "Derby"]
[Date "1995.03.25"]
[Round "4"]
[White "Arkell, Keith C"]
[Black "Duncan, Christopher R"]
[Result "0-1"]
[WhiteElo "2488"]
[BlackElo "2248"]
[PlyCount "88"]
[EventDate "1995.03.24"]
[EventType "swiss"]
[EventRounds "6"]
[EventCountry "ENG"]
[SourceTitle "BritBase"]
[Source "John Saunders"]
[SourceDate "2022.11.28"]
[SourceVersion "1"]
[SourceVersionDate "2022.08.23"]
[SourceQuality "1"]

1. d4 d5 2. c4 dxc4 3. e4 c5 4. d5 Nf6 5. Nc3 b5 6. e5 b4 7. exf6 bxc3 8. bxc3
Nd7 9. Qa4 exf6 10. Bxc4 Bd6 11. Be2 O-O 12. Nf3 Re8 13. c4 Qe7 14. Qc2 Ne5 15.
Be3 Ng4 16. O-O Nxe3 17. fxe3 Qxe3+ 18. Rf2 Bg4 19. Raf1 Rab8 20. g3 h5 21. Kg2
Qa3 22. Bd1 Re3 23. Qd2 h4 24. Bb3 h3+ 25. Kg1 Rbe8 26. Re1 Rxe1+ 27. Nxe1 Be5
28. Nc2 Qb2 29. Ne3 Qa1+ 30. Rf1 Qd4 31. Rf2 Qxd2 32. Rxd2 Bc3 33. Rd3 Rxe3 34.
Rxe3 Bd4 35. Kf2 Kf8 36. d6 f5 37. Ba4 g5 38. d7 Bxe3+ 39. Kxe3 Ke7 40. Bc6 f6
41. Ba4 Bh5 42. Bc2 Bg6 43. Bd3 f4+ 44. gxf4 Bxd3 0-1

[Event "Midland Ch Forrest Cup"]
[Site "Derby"]
[Date "1995.03.25"]
[Round "4"]
[White "Baker, Chris W"]
[Black "Southall, Andrew C"]
[Result "1/2-1/2"]
[WhiteElo "2320"]
[BlackElo "2216"]
[PlyCount "92"]
[EventDate "1995.03.24"]
[EventType "swiss"]
[EventRounds "6"]
[EventCountry "ENG"]
[SourceTitle "BritBase"]
[Source "John Saunders"]
[SourceDate "2022.11.28"]
[SourceVersion "1"]
[SourceVersionDate "2022.08.23"]
[SourceQuality "1"]

1. e4 e6 2. Nc3 d5 3. Nf3 Nf6 4. e5 Nfd7 5. d4 c5 6. dxc5 Nc6 7. Bf4 Bxc5 8.
Bd3 f6 9. exf6 Nxf6 10. O-O O-O 11. Ne5 Qe8 12. Nxc6 bxc6 13. Na4 Be7 14. c4
Bd7 15. Be5 c5 16. Nc3 Bc6 17. Re1 Qf7 18. Qf3 dxc4 19. Bxh7+ Nxh7 20. Qxc6
Rac8 21. Qe4 Qxf2+ 22. Kh1 Qh4 23. Bg3 Qxe4 24. Rxe4 Ng5 25. Rxc4 Rf5 26. h4
Nf7 27. Rd1 Rd8 28. Rxd8+ Bxd8 29. Ne4 Bb6 30. Kh2 Rd5 31. Rc3 Nh6 32. Bf2 Ng4+
33. Kg3 Nxf2 34. Kxf2 c4+ 35. Kf3 Bd4 36. Rxc4 Bxb2 37. Ng5 Bf6 38. Nxe6 Kf7
39. Nf4 Ra5 40. Rc7+ Kg8 41. Kg4 Rxa2 42. g3 Be5 43. Re7 Bxf4 44. Kxf4 Ra4+ 45.
Kf5 Ra5+ 46. Kg6 Ra6+ 1/2-1/2

[Event "Midland Ch Forrest Cup"]
[Site "Derby"]
[Date "1995.03.25"]
[Round "4"]
[White "Barnes, Michael H"]
[Black "Chue, Kah-Loong"]
[Result "1-0"]
[WhiteElo "2208"]
[BlackElo "2288"]
[PlyCount "59"]
[EventDate "1995.03.24"]
[EventType "swiss"]
[EventRounds "6"]
[EventCountry "ENG"]
[SourceTitle "BritBase"]
[Source "John Saunders"]
[SourceDate "2022.11.28"]
[SourceVersion "1"]
[SourceVersionDate "2022.08.23"]
[SourceQuality "1"]

1. e4 e6 2. d4 d5 3. Nd2 c5 4. exd5 Qxd5 5. Ngf3 cxd4 6. Bc4 Qd6 7. O-O Nf6 8.
Nb3 Nc6 9. Nbxd4 Nxd4 10. Nxd4 a6 11. c3 Qc7 12. Bb3 Bd6 13. h3 Bd7 14. Qf3
O-O-O 15. Rd1 e5 16. Nf5 Bc6 17. Qe2 Bc5 18. Be3 Bxe3 19. Qxe3 Nd5 20. Qa7 Rd7
21. Bxd5 Bxd5 22. Rxd5 Rxd5 23. Qa8+ Kd7 24. Qxh8 Qb6 25. Qxg7 Rd2 26. Qxf7+
Kc8 27. Qe8+ Kc7 28. Qxe5+ Kc8 29. Rf1 Qxb2 30. Nd6+ 1-0

[Event "Midland Ch Forrest Cup"]
[Site "Derby"]
[Date "1995.03.25"]
[Round "4"]
[White "Cooper, David M"]
[Black "Brown, Anthony J"]
[Result "1/2-1/2"]
[WhiteElo "1888"]
[BlackElo "2032"]
[PlyCount "48"]
[EventDate "1995.03.24"]
[EventType "swiss"]
[EventRounds "6"]
[EventCountry "ENG"]
[SourceTitle "BritBase"]
[Source "John Saunders"]
[SourceDate "2022.11.28"]
[SourceVersion "1"]
[SourceVersionDate "2022.08.23"]
[SourceQuality "1"]

1. d4 d5 2. Nf3 e6 3. Bg5 Be7 4. Bxe7 Qxe7 5. c3 Nc6 6. e3 a6 7. Nbd2 e5 8.
dxe5 Nxe5 9. Nxe5 Qxe5 10. Nf3 Qd6 11. Qd4 Nf6 12. Qe5+ Qxe5 13. Nxe5 Ng4 14.
Nxg4 Bxg4 15. Bd3 O-O-O 16. O-O Rhe8 17. h3 Bd7 18. Rfe1 f5 19. h4 c5 20. Rac1
b5 21. g3 Kc7 22. Bf1 g6 23. Bg2 Bc6 24. Red1 Rd6 1/2-1/2

[Event "Midland Ch Forrest Cup"]
[Site "Derby"]
[Date "1995.03.25"]
[Round "4"]
[White "Gilmore, Simon N"]
[Black "Rayner, Francis"]
[Result "0-1"]
[WhiteElo "1912"]
[BlackElo "2152"]
[PlyCount "76"]
[EventDate "1995.03.24"]
[EventType "swiss"]
[EventRounds "6"]
[EventCountry "ENG"]
[SourceTitle "BritBase"]
[Source "John Saunders"]
[SourceDate "2022.11.28"]
[SourceVersion "1"]
[SourceVersionDate "2022.08.23"]
[SourceQuality "1"]

1. e4 e5 2. Nf3 Nc6 3. Bb5 a6 4. Ba4 Nf6 5. d4 exd4 6. O-O Be7 7. Re1 b5 8. e5
Nxe5 9. Nxe5 bxa4 10. Qxd4 O-O 11. Nc3 Rb8 12. Bg5 Rb4 13. Qe3 Rb6 14. Rad1 Re6
15. Qd4 a3 16. b3 Bb7 17. Bxf6 Bxf6 18. Nd5 Rfe8 19. f4 d6 20. Nxf6+ Qxf6 21.
Qb4 dxe5 22. Qxb7 exf4 23. Rxe6 Qxe6 24. Qf3 Qe3+ 25. Qf2 g5 26. h3 h6 27. c4
Kg7 28. Kf1 Qxf2+ 29. Kxf2 Re3 30. Rd2 Rc3 31. Ke2 Rc1 32. Rd1 Rc2+ 33. Rd2 Rb2
34. Kd3 h5 35. Kc3 g4 36. hxg4 hxg4 37. Rd4 Rxa2 38. Rxf4 Rxg2 0-1

[Event "Midland Ch Forrest Cup"]
[Site "Derby"]
[Date "1995.03.25"]
[Round "4"]
[White "Jackson, Oliver A"]
[Black "Ledger, Andrew J"]
[Result "0-1"]
[WhiteElo "2128"]
[BlackElo "2336"]
[PlyCount "78"]
[EventDate "1995.03.24"]
[EventType "swiss"]
[EventRounds "6"]
[EventCountry "ENG"]
[SourceTitle "BritBase"]
[Source "John Saunders"]
[SourceDate "2022.11.28"]
[SourceVersion "1"]
[SourceVersionDate "2022.08.23"]
[SourceQuality "1"]

1. e4 c6 2. d4 d5 3. Nc3 dxe4 4. Nxe4 Nd7 5. Ng5 Ndf6 6. Bc4 e6 7. Qe2 Qxd4 8.
N1f3 Qc5 9. Ne5 Nh6 10. O-O Be7 11. a4 O-O 12. Ra3 Bd6 13. Ngf3 Nf5 14. Rd3 Nh4
15. Bb3 Nxf3+ 16. Nxf3 Bc7 17. Bg5 Nd5 18. Qe4 b6 19. Qh4 f6 20. Bd2 Re8 21.
Re1 Qf8 22. Nd4 Bd7 23. Rh3 h6 24. c4 Nb4 25. Rhe3 Rad8 26. Bc3 Be5 27. Nf3
Bxc3 28. bxc3 Na6 29. Bc2 Nc5 30. Nd4 e5 31. Nb3 Ne6 32. Qe4 Ng5 33. Qg6 Qf7
34. h4 Qxg6 35. Bxg6 Nf7 36. c5 Be6 37. Nd4 exd4 38. Rxe6 Rxe6 39. Rxe6 d3 0-1

[Event "Midland Ch Forrest Cup"]
[Site "Derby"]
[Date "1995.03.25"]
[Round "4"]
[White "James, Russell A"]
[Black "Gamble, Raymond J"]
[Result "1-0"]
[WhiteElo "2136"]
[BlackElo "2016"]
[PlyCount "40"]
[EventDate "1995.03.24"]
[EventType "swiss"]
[EventRounds "6"]
[EventCountry "ENG"]
[SourceTitle "BritBase"]
[Source "John Saunders"]
[SourceDate "2022.11.28"]
[SourceVersion "1"]
[SourceVersionDate "2022.08.23"]
[SourceQuality "1"]

1. e4 e6 2. d4 d5 3. Nc3 Bb4 4. exd5 exd5 5. Bd3 Nc6 6. a3 Be7 7. Bf4 a6 8. Qf3
Nf6 9. Nge2 Bg4 10. Qg3 Rc8 11. f3 Be6 12. Qxg7 Rg8 13. Qh6 b5 14. O-O Na5 15.
Be5 Nc4 16. Nf4 Nxb2 17. Bxh7 Nxh7 18. Qxh7 Kd7 19. Ncxd5 Nc4 20. Nxe6 fxe6 1-0

[Event "Midland Ch Forrest Cup"]
[Site "Derby"]
[Date "1995.03.25"]
[Round "4"]
[White "Ledger, Stephen C"]
[Black "Dyce, Andrew"]
[Result "0-1"]
[WhiteElo "2144"]
[BlackElo "1960"]
[PlyCount "80"]
[EventDate "1995.03.24"]
[EventType "swiss"]
[EventRounds "6"]
[EventCountry "ENG"]
[SourceTitle "BritBase"]
[Source "John Saunders"]
[SourceDate "2022.11.28"]
[SourceVersion "1"]
[SourceVersionDate "2022.08.23"]
[SourceQuality "1"]

1. d4 Nf6 2. Nf3 e6 3. Bf4 b6 4. e3 Bb7 5. Nbd2 c5 6. c3 Be7 7. h3 O-O 8. Bd3
cxd4 9. exd4 Nc6 10. O-O Rc8 11. Re1 Ne8 12. Qe2 g5 13. Bh2 Ng7 14. Nc4 d6 15.
Ne3 Nb8 16. d5 e5 17. Nf5 Bxd5 18. Nxg7 Kxg7 19. Rad1 Be6 20. Bb1 Qe8 21. Nxe5
dxe5 22. Bxe5+ Kh6 23. Qc2 Rh8 24. h4 Nc6 25. hxg5+ Bxg5 26. f4 Be7 27. Bxh8
Qxh8 28. f5 Bc5+ 29. Kh1 Qf6 30. Qe4 Qg5 31. g4 $2 (31. Rd3 $18) 31... Qh4+ 32.
Kg2 Qf2+ 33. Kh3 Kg5 $2 (33... Bc4 $11) 34. Re2 $18 Qh4+ 35. Kg2 Bc4 36. Rh1 $2
(36. Qxc4 $18) 36... Bd5 $1 $11 37. Qxd5 Qxg4+ 38. Kf1 Qf4+ 39. Kg2 Rg8 40. Rh3
$2 (40. Qxc6 $1 $11) 40... Kf6+ 0-1

[Event "Midland Ch Forrest Cup"]
[Site "Derby"]
[Date "1995.03.25"]
[Round "4"]
[White "Nelson, Jonathan P"]
[Black "Sudar, Dragoljub"]
[Result "1-0"]
[WhiteElo "2240"]
[BlackElo "1696"]
[PlyCount "39"]
[EventDate "1995.03.24"]
[EventType "swiss"]
[EventRounds "6"]
[EventCountry "ENG"]
[SourceTitle "BritBase"]
[Source "John Saunders"]
[SourceDate "2022.11.28"]
[SourceVersion "1"]
[SourceVersionDate "2022.08.23"]
[SourceQuality "1"]

1. e4 Nc6 2. d4 d5 3. Nc3 dxe4 4. d5 Ne5 5. Bf4 Ng6 6. Bg3 Bd7 7. Bc4 Nf6 8.
Qe2 c6 9. O-O-O Qa5 10. f3 cxd5 11. Nxd5 Nxd5 12. Rxd5 Qb6 13. Rxd7 Kxd7 14.
Bb5+ Ke6 15. Nh3 Qc5 16. Bc4+ Kf6 17. Nf2 Qc6 18. Ng4+ Kf5 19. fxe4+ Kg5 20.
h4+ 1-0

[Event "Midland Ch Forrest Cup"]
[Site "Derby"]
[Date "1995.03.25"]
[Round "4"]
[White "Nohre, Hakan VP"]
[Black "Mason, Donald"]
[Result "1-0"]
[WhiteElo "2024"]
[BlackElo "2144"]
[PlyCount "113"]
[EventDate "1995.03.24"]
[EventType "swiss"]
[EventRounds "6"]
[EventCountry "ENG"]
[SourceTitle "BritBase"]
[Source "John Saunders"]
[SourceDate "2022.11.28"]
[SourceVersion "1"]
[SourceVersionDate "2022.08.23"]
[SourceQuality "1"]

1. e4 e6 2. d4 d5 3. Nc3 Bb4 4. Bd2 dxe4 5. Qg4 Nf6 6. Qxg7 Rg8 7. Qh6 Qxd4 8.
O-O-O Bf8 9. Qh4 Rg4 10. Qh3 Qxf2 11. Be2 Rh4 12. Qxh4 Qxh4 13. g3 Qh6 14. Bxh6
Bxh6+ 15. Kb1 Be3 16. g4 Bd7 17. h4 h6 18. Nh3 Bc6 19. g5 Ng8 20. Bb5 Bxb5 21.
Nxb5 Bb6 22. Rhe1 f5 23. gxf6 Nxf6 24. Nf4 Kf7 25. Nc3 Nc6 26. Nxe4 Nd4 27.
Nxf6 Kxf6 28. Rf1 Nf5 29. Nd5+ Kg6 30. Nxb6 axb6 31. Rd7 Rc8 32. a4 Nxh4 33.
Re7 Nf5 34. Rxe6+ Kg5 35. Rg1+ Kf4 36. Rf6 Ke5 37. Rf7 Ke6 38. Rh7 Kf6 39. Rf1
Kg6 40. Rd7 h5 41. Rg1+ Kf6 42. Rh7 h4 43. Rh5 Re8 44. Rf1 Re5 45. Rxh4 Ke6 46.
Rh7 Ne7 47. Rd1 Nd5 48. Rh8 Nf6 49. Rb8 Rd5 50. Rxd5 Kxd5 51. Rxb7 Kc6 52. Rb8
Nd7 53. Rh8 Kb7 54. b4 Ne5 55. Ka2 Nf7 56. Rf8 Nd6 57. Kb3 {"White won
eventually" (bulletin)} 1-0

[Event "Midland Ch Forrest Cup"]
[Site "Derby"]
[Date "1995.03.25"]
[Round "4"]
[White "Preston, William"]
[Black "Gill, Jas"]
[Result "0-1"]
[WhiteElo "1248"]
[BlackElo "1656"]
[PlyCount "68"]
[EventDate "1995.03.24"]
[EventType "swiss"]
[EventRounds "6"]
[EventCountry "ENG"]
[SourceTitle "BritBase"]
[Source "John Saunders"]
[SourceDate "2022.11.28"]
[SourceVersion "1"]
[SourceVersionDate "2022.08.23"]
[SourceQuality "1"]

1. Nh3 e5 2. g3 d5 3. f4 Bxh3 4. Bxh3 exf4 5. O-O fxg3 6. e4 gxh2+ 7. Kh1 Nc6
8. Qf3 Qf6 9. Qg4 Qd6 10. Nc3 Nf6 11. Rxf6 gxf6 12. d3 Ne5 13. Qg2 d4 14. Ne2
Nd7 15. Bf4 Qb6 16. Qg4 O-O-O 17. b3 Kb8 18. Qf3 Ne5 19. Bxe5 fxe5 20. a4 Bh6
21. Qxf7 Be3 22. Qh5 Rdg8 23. Qh4 Rg5 24. Rf1 Rhg8 25. Kxh2 Qg6 26. Qe1 Rg2+
27. Kh1 Qh5 28. Rf8+ Rxf8 29. Kxg2 Qf3+ 30. Kh2 Qh5 31. Ng3 Bf4 32. Kg2 Rg8 33.
Qh1 Qe2+ 34. Kg1 Be3# 0-1

[Event "Midland Ch Forrest Cup"]
[Site "Derby"]
[Date "1995.03.25"]
[Round "4"]
[White "Riley, Chris M"]
[Black "Hibbard, Carl P"]
[Result "1/2-1/2"]
[WhiteElo "2008"]
[BlackElo "1912"]
[PlyCount "38"]
[EventDate "1995.03.24"]
[EventType "swiss"]
[EventRounds "6"]
[EventCountry "ENG"]
[SourceTitle "BritBase"]
[Source "John Saunders"]
[SourceDate "2022.11.28"]
[SourceVersion "1"]
[SourceVersionDate "2022.08.23"]
[SourceQuality "1"]

1. e4 d5 2. exd5 Qxd5 3. Nc3 Qa5 4. d4 Nf6 5. Nf3 Bf5 6. Bc4 e6 7. Bd2 c6 8.
Qe2 Bb4 9. O-O-O Nbd7 10. Ne5 Nxe5 11. dxe5 Nd5 12. Ne4 Bxd2+ 13. Rxd2 Bxe4 14.
Qxe4 O-O-O 15. Rhd1 Nb6 16. Bb3 Rxd2 17. Rxd2 Rd8 18. Rxd8+ Kxd8 19. f4 Qc5
1/2-1/2

[Event "Midland Ch Forrest Cup"]
[Site "Derby"]
[Date "1995.03.25"]
[Round "4"]
[White "Wagenbach, Janos J"]
[Black "Barton, R Alan"]
[Result "0-1"]
[WhiteElo "1784"]
[BlackElo "2024"]
[PlyCount "132"]
[EventDate "1995.03.24"]
[EventType "swiss"]
[EventRounds "6"]
[EventCountry "ENG"]
[SourceTitle "BritBase"]
[Source "John Saunders"]
[SourceDate "2022.11.28"]
[SourceVersion "1"]
[SourceVersionDate "2022.08.23"]
[SourceQuality "1"]

1. d4 d6 2. g3 c6 3. e4 Nf6 4. Bg2 Bg4 5. Qd3 Nbd7 6. Be3 e6 7. f4 d5 8. e5 Bf5
9. Qe2 Ne4 10. Nd2 Nxd2 11. Qxd2 a5 12. h3 h5 13. Nf3 Be7 14. a3 a4 15. Ng5 Nb6
16. Bf1 Nc4 17. Bxc4 dxc4 18. Qe2 Qd5 19. Rh2 Bg6 20. Rd1 c3 21. bxc3 Bxa3 22.
c4 Qa5+ 23. Bd2 Bb4 24. c3 Bxc3 25. Qe3 Bxd2+ 26. Qxd2 Qb6 27. Qc3 Qb3 28. Rc1
O-O 29. Rb2 Qxc3+ 30. Rxc3 Rfd8 31. Nf3 Be4 32. Nd2 Rxd4 33. Ke2 Bf5 34. Ke3
Rd7 35. c5 Rad8 36. Nc4 Rd3+ 37. Rxd3 Rxd3+ 38. Kf2 Rc3 39. Ne3 Rxc5 40. Rxb7
Ra5 41. Nc4 Ra6 42. Na3 Bxh3 43. Rb8+ Kh7 44. Ke3 c5 45. Rb5 c4 46. Kd4 Kg6 47.
Rb1 Bf5 48. Rc1 Bd3 49. Kc5 Kf5 50. Rc3 h4 51. gxh4 Kxf4 52. Kd4 Ra8 53. Nb5
Rd8+ 54. Nd6 f6 55. Kc5 fxe5 56. Nf7 Ra8 57. Ra3 e4 58. Ng5 Ra5+ 59. Kd4 e5+
60. Kc3 Ra7 61. Kd2 e3+ 62. Ke1 Rb7 63. Ra1 a3 64. Ne6+ Kg4 65. Nc5 Rb1+ 66.
Rxb1 Bxb1 0-1

[Event "Midland Ch Forrest Cup"]
[Site "Derby"]
[Date "1995.03.26"]
[Round "5"]
[White "Barton, R Alan"]
[Black "Cooper, David M"]
[Result "1/2-1/2"]
[WhiteElo "2024"]
[BlackElo "1888"]
[PlyCount "136"]
[EventDate "1995.03.24"]
[EventType "swiss"]
[EventRounds "6"]
[EventCountry "ENG"]
[SourceTitle "BritBase"]
[Source "John Saunders"]
[SourceDate "2022.11.28"]
[SourceVersion "1"]
[SourceVersionDate "2022.08.23"]
[SourceQuality "1"]

1. Nf3 Nf6 2. c4 g6 3. d4 Bg7 4. Nc3 O-O 5. Bg5 d6 6. e3 c5 7. Be2 Na6 8. O-O
Bd7 9. a3 Qa5 10. Qd2 Rfe8 11. h3 Bf5 12. Rfd1 Qc7 13. Rac1 Ne4 14. Nxe4 Bxe4
15. b4 Rad8 16. Bf4 Qc8 17. Bg3 b6 18. b5 Nb8 19. a4 a5 20. Ng5 Bb7 21. d5 h6
22. Nf3 e5 23. e4 Rf8 24. Nh4 Rde8 25. f3 Qd8 26. Bf2 Bc8 27. g4 Bf6 28. Ng2
Bg5 29. Be3 Bxe3+ 30. Qxe3 Qg5 31. Qf2 Qe7 32. Qg3 Kg7 33. Kf2 g5 34. Ne3 Rh8
35. Rh1 f6 36. h4 Rh7 37. hxg5 fxg5 38. Rh5 Qf6 39. Rch1 Re7 40. Bd3 Re8 41.
Ke2 Re7 42. Qf2 Re8 43. R5h3 Re7 44. Nf1 Rf7 45. Qh2 Rf8 46. Qg2 Qg6 47. Ng3
Kg8 48. Qh2 Kg7 49. Ke3 Bd7 50. Rg1 Bc8 51. Rh5 Rfh8 52. Qb2 Rf8 53. Rh2 Kg8
54. Be2 Bd7 55. Kd2 Bc8 56. Kc3 Bd7 57. Kb3 Bc8 58. Qc3 Bd7 59. Bd1 Rff7 60.
Ne2 Bc8 61. Nc1 Qf6 62. Nd3 Nd7 63. Rgh1 Kg7 64. Qd2 Nf8 65. Rh5 Ng6 66. R5h3
Nf4 67. Nxf4 Qxf4 68. Qxf4 Rxf4 1/2-1/2

[Event "Midland Ch Forrest Cup"]
[Site "Derby"]
[Date "1995.03.26"]
[Round "5"]
[White "Brown, Anthony J"]
[Black "Riley, Chris M"]
[Result "1-0"]
[WhiteElo "2032"]
[BlackElo "2008"]
[PlyCount "67"]
[EventDate "1995.03.24"]
[EventType "swiss"]
[EventRounds "6"]
[EventCountry "ENG"]
[SourceTitle "BritBase"]
[Source "John Saunders"]
[SourceDate "2022.11.28"]
[SourceVersion "1"]
[SourceVersionDate "2022.08.23"]
[SourceQuality "1"]

1. e4 e5 2. Nc3 Nf6 3. Bc4 Nc6 4. d3 Bb4 5. Nf3 d6 6. O-O Bg4 7. Nd5 Nxd5 8.
Bxd5 Qf6 9. c3 Bc5 10. b4 Bb6 11. a4 a5 12. b5 Nd8 13. Be3 Bxf3 14. Qxf3 Qxf3
15. gxf3 Bxe3 16. fxe3 c6 17. Bc4 Rf8 18. f4 c5 19. Bd5 Rc8 20. Ra2 Rc7 21. Rg2
f6 22. b6 Rd7 23. Rb1 exf4 24. exf4 f5 25. Rb5 fxe4 26. dxe4 Rxf4 27. Rxa5 Rf3
28. Rg3 Rf8 29. Ra8 g6 30. a5 Ke7 31. Rh3 h5 32. Rg3 Nf7 33. Rxf8 Kxf8 34. Rf3
1-0

[Event "Midland Ch Forrest Cup"]
[Site "Derby"]
[Date "1995.03.26"]
[Round "5"]
[White "Castillo, M."]
[Black "Sudar, Dragoljub"]
[Result "0-1"]
[WhiteElo "1272"]
[BlackElo "1696"]
[PlyCount "85"]
[EventDate "1995.03.24"]
[EventType "swiss"]
[EventRounds "6"]
[EventCountry "ENG"]
[SourceTitle "BritBase"]
[Source "John Saunders"]
[SourceDate "2022.11.28"]
[SourceVersion "1"]
[SourceVersionDate "2022.08.23"]
[SourceQuality "1"]

1. b3 d5 2. Bb2 Nf6 3. f4 c5 4. Nf3 Nc6 5. e3 e6 6. Be2 Bd6 7. O-O Qc7 8. Nh4
e5 9. f5 Bd7 10. d3 e4 11. g3 Rg8 12. Ng2 Ne7 13. Bxf6 gxf6 14. Bg4 Be5 15. d4
cxd4 16. exd4 Bd6 17. Nd2 h5 18. Bxh5 Nxf5 19. Bg4 Nxd4 20. Bxd7+ Qxd7 21. Nxe4
dxe4 22. Qxd4 Be5 23. Qxd7+ Kxd7 24. Rad1+ Ke6 25. Nf4+ Bxf4 26. Rxf4 f5 27.
Kg2 Rad8 28. Rff1 Ke5 29. c4 Rd6 30. Rfe1 Rgd8 31. Rxd6 Rxd6 32. Kf2 f4 33.
gxf4+ Kxf4 34. h4 Rh6 35. Kg2 Rg6+ 36. Kh2 f5 37. a3 Rg4 38. Rf1+ Ke5 39. Re1
Rxh4+ 40. Kg2 Rh7 41. Kg3 f4+ 42. Kf2 Rh2+ 43. Kg1 {"White resigned in a
further 5 moves" (bulletin)} 0-1